Capitales d'Afrique - Quiz - Statistiques

Statistiques générales
  • Ce quiz a été pris 340 764 fois
    320 531 depuis la dernière actualisation
  • Le résultat moyen est 25 sur 56
Statistiques - réponses
Pays Capitale % Correct
Algérie Alger
96%
Égypte Le Caire
86%
Maroc Rabat
82%
Tunisie Tunis
80%
Afrique du Sud (législative) Le Cap
74%
Sénégal Dakar
72%
Afrique du Sud (administrative) Pretoria
68%
Djibouti Djibouti
66%
Mali Bamako
65%
République Démocratique du Congo Kinshasa
65%
République du Congo Brazzaville
62%
Kenya Nairobi
62%
Burkina Faso Ouagadougou
60%
Libye Tripoli
60%
Cameroun Yaoundé
60%
Gabon Libreville
58%
Madagascar Antananarivo
56%
Côte d'Ivoire Yamoussoukro
55%
Guinée-Bissau Bissau
54%
Éthiopie Addis-Abeba
51%
Ghana Accra
48%
Angola Luanda
48%
Sierra Leone Freetown
46%
Sao Tomé-et-Principe Sao Tomé
45%
Guinée Conakry
44%
Togo Lomé
44%
Soudan Khartoum
40%
Bénin Porto-Novo
39%
Rwanda Kigali
38%
Niger Niamey
38%
Mauritanie Nouakchott
38%
Cap-Vert Praia
38%
Nigeria Abuja
37%
Seychelles Victoria
37%
Maurice Port-Louis
35%
Tchad Ndjamena
34%
Botswana Gaborone
33%
Érythrée Asmara
32%
République Centrafricaine Bangui
32%
Mozambique Maputo
32%
Somalie Mogadiscio
32%
Comores Moroni
32%
Gambie Banjul
31%
Zimbabwe Harare
31%
Namibie Windhoek
31%
Tanzanie Dodoma
28%
Ouganda Kampala
28%
Eswatini Mbabane
28%
Liberia Monrovia
28%
Afrique du Sud (judiciaire) Bloemfontein
27%
Malawi Lilongwe
27%
Guinée Équatoriale Ciudad de la Paz
24%
Burundi Gitega
24%
Zambie Lusaka
24%
Soudan du Sud Djouba
23%
Lesotho Maseru
23%
Aucun quiz correspondant
Distribution des résultats
% des personnes avec chaque résultat
Percentile par nombre de réponses
Votre historique - résultats
Vous n’avez pas pris ce quiz depuis la dernière actualisation